[Event "45th FIDE Chess Olympiad Open"]
[Site "Budapest, Hungary"]
[Date "2024.09.11"]
[Round "1.3"]
[White "Tsephe, Lebajoa"]
[Black "Hossain, Enamul"]
[Result "0-1"]
[WhiteElo "1900"]
[BlackElo "2354"]
[PlyCount "91"]
[EventDate "2024.??.??"]
[WhiteTeam "Lesotho"]
[BlackTeam "Bangladesh"]
[WhiteTeamCountry "LES"]
[BlackTeamCountry "BAN"]
[WhiteClock "0:00:49"]
[BlackClock "0:09:07"]

1. d4 d5 2. c4 c5 3. e3 cxd4 4. exd4 Nf6 5. Nc3 g6 6. Qb3 Bg7 7. cxd5 O-O 8. Be2 Nbd7 9. Bf3 Nb6 10. a4 a5 11. Nge2 Bg4 12. Bxg4 Nxg4 13. O-O ({RR} 13. Bf4 Nf6 14. d6 exd6 15. O-O Re8 16. Rfe1 Nh5 17. Be3 Rc8 18. Rad1 h6 19. Qb5 Ra8 20. d5 Nd7 21. Qxb7 Ne5 22. Nf4 Rb8 23. Qa6 Qg5 24. Nd3 Qh4 25. Nxe5 Bxe5 26. h3 Rxb2 27. Ne2 Qxa4 {Gaponenko,I (2469)-Hou,Y (2578) Plovdiv 2010 ½-½ (90)}) 13... Nf6 14. Nf4 Qd6 15. Nd3 $146 ({RR} 15. Be3 Rfd8 16. Nb5 Qd7 17. d6 exd6 18. d5 Nc8 19. Rac1 Ne8 20. Bd4 Bh6 21. Be3 Bg7 22. h3 Be5 23. Nd3 Bg7 24. Bg5 f6 25. Be3 g5 26. Nd4 Ne7 27. Ne6 Rdb8 28. Bb6 Ra6 29. f4 Kh8 {Lishoy Gengis Paratazham,D (1969)-Kilambi,V (1865) Kenilworth ENG 2024 1-0 (63)}) ({RR} 15. Rd1 Rfd8 16. Nb5 Qb4 17. Qa2 Ne4 18. Be3 Qc4 19. b3 Qc8 20. Rac1 Qf5 21. Nc7 g5 22. Nh5 Nxd5 23. Nxg7 Kxg7 {0-1 (23) Beradze,I (1599)-Laurusas,T (1599) Belfort 2005}) ({RR} 15. Re1 Rfd8 16. Nb5 Qd7 17. d6 exd6 18. Nc3 Ra6 19. Nd3 Qc7 20. Bf4 Qc4 21. Qb5 Qxb5 22. Nxb5 Nbd5 23. Bd2 Raa8 24. Rac1 h6 25. b3 Bf8 26. f3 Rd7 27. Kf2 Kg7 28. Nb2 Rdd8 29. Rc2 Ng8 {Bauer,C (2599)-Kuehn,P (2386) Biel 2006 1-0 (49)}) 15... Nbxd5 16. Nb5 Qd8 17. Bf4 Nxf4 18. Nxf4 Bh6 19. Qf3 Rc8 20. Nd3 Qd5 21. Qe2 Rfe8 22. f4 Bg7 23. Rfe1 e6 24. Ne5 Red8 25. Qd2 Bf8 26. Qd3 Bb4 27. Rec1 Qe4 28. Qxe4 Nxe4 29. g3 Nd2 30. Rd1 Rc2 31. Nd3 Nf3+ 32. Kf1 Nxh2+ 33. Kg1 Nf3+ 34. Kf1 Nd2+ 35. Kg1 Ne4 36. g4 h5 37. gxh5 gxh5 38. Rac1 Re2 39. Nxb4 axb4 40. Re1 Ng3 41. Rb1 Rc2 42. Re3 h4 43. Rb3 Kh7 44. Re1 Rg8 45. Re5 h3 46. Rf5 0-1

[Event "45th FIDE Chess Olympiad Open"]
[Site "Budapest, Hungary"]
[Date "2024.09.11"]
[Round "1.4"]
[White "Murshed, Niaz"]
[Black "Karabo Mokete"]
[Result "1-0"]
[WhiteElo "2318"]
[BlackElo "1836"]
[PlyCount "55"]
[EventDate "2024.??.??"]
[WhiteTeam "Bangladesh"]
[BlackTeam "Lesotho"]
[WhiteTeamCountry "BAN"]
[BlackTeamCountry "LES"]
[WhiteClock "0:41:26"]
[BlackClock "0:18:07"]

1. d4 Nf6 2. c4 e6 3. Nf3 c5 4. d5 exd5 5. cxd5 d6 6. Nc3 g6 7. e4 Bg7 8. Nd2 O-O 9. Be2 Re8 10. O-O Na6 11. f3 Nc7 12. a4 b6 13. Nc4 Ba6 14. Bg5 Bxc4 15. Bxc4 a6 16. Qd3 ({RR} 16. Kh1 h6 17. Bh4 Qd7 18. Qd3 Nh5 19. Rfe1 Be5 20. Bf2 Reb8 21. Ra3 Nf4 22. Qd2 b5 23. axb5 axb5 24. Rxa8 Rxa8 25. Bf1 g5 26. g3 Ng6 27. Be3 Qe7 28. Bh3 b4 29. Nd1 Ra1 30. Qe2 Qf6 {Giri,A (2773)-Carlsen,M (2864) Oslo 2022 0-1 (53)}) 16... h6 ({RR} 16... Qc8 17. Bf4 Qd7 18. Ra3 Nh5 19. Bd2 Bd4+ 20. Kh1 Bxc3 21. Qxc3 b5 22. axb5 axb5 23. Rxa8 Rxa8 24. Be2 b4 25. Qc2 Re8 26. Bc4 Nf6 27. Ra1 Nb5 28. Qa4 Rb8 29. Bf4 Ne8 30. h3 Kg7 31. e5 {Volkov,S (2439)-Vasquez Schroeder,R (2475) chess.com INT 2024 1-0 (48)}) 17. Bd2 Qe7 18. Rae1 Nd7 $146 ({RR} 18... Qe5 19. Ne2 Nd7 20. b4 Qe7 21. b5 Ne5 22. Qb3 axb5 23. axb5 Qd7 24. Rb1 Ra7 25. Nc3 Nxc4 26. Qxc4 Rea8 27. Bc1 Qe7 28. Bb2 Bd4+ 29. Kh1 Ne8 30. Nd1 Ra4 31. Qc1 Qh4 32. Bxd4 Rxd4 33. Nb2 {Flear,G (2390)-Kopec,D London 1982 1-0 (41)}) 19. f4 Bd4+ 20. Kh1 b5 21. axb5 Reb8 22. bxa6 Rxb2 23. Rb1 Rb6 24. Ne2 Qf6 25. Ba5 Rxb1 26. Rxb1 Nxa6 27. Bxa6 Nb8 28. Bc4 1-0

[Event "45th FIDE Chess Olympiad Open"]
[Site "Budapest, Hungary"]
[Date "2024.09.11"]
[Round "1.5"]
[White "Ziska, Helgi Dam"]
[Black "Mathurin, Nathaniel"]
[Result "0-1"]
[WhiteElo "2553"]
[BlackElo "1982"]
[PlyCount "77"]
[EventDate "2024.??.??"]
[WhiteTeam "Faroe Islands"]
[BlackTeam "Saint Lucia"]
[WhiteTeamCountry "FAI"]
[WhiteClock "0:30:29"]
[BlackClock "0:00:43"]

1. Nf3 Nf6 2. g3 g6 3. Bg2 Bg7 4. O-O O-O 5. c4 c6 6. d3 d5 7. Qb3 dxc4 $146 ({RR} 7... Re8 8. cxd5 Qxd5 9. Qb4 Na6 10. Qh4 Qh5 11. Qxh5 Nxh5 12. Nc3 h6 13. Bd2 e5 14. Rfc1 f5 15. Rab1 Be6 16. b4 e4 17. dxe4 fxe4 18. Ne1 Rad8 19. Be3 Bxc3 20. Rxc3 Bxa2 21. Rb2 Rd1 22. Rc1 {Gubics,P (2108)-Kerek,K (2269) Hungary 2016 0-1 (53)}) ({RR} 7... Na6 8. cxd5 cxd5 9. d4 Qb6 10. Qxb6 axb6 11. Nc3 e6 12. Ne5 Nd7 13. f4 Nxe5 14. dxe5 Bd7 15. Rd1 Nc5 16. Be3 Rfc8 17. Bd4 b5 18. b4 Na4 19. Nxa4 bxa4 20. Rac1 a3 21. e4 Ba4 22. Re1 {Kuzubov,Y (2699)-Duda,J (2717) Riadh 2017 ½-½ (74)}) ({RR} 7... Qb6 8. Qxb6 axb6 9. cxd5 Nxd5 10. Nbd2 Bg4 11. Nc4 b5 12. Nce5 Bxf3 13. Nxf3 Nd7 14. Rd1 Nc5 15. Nd2 Na4 16. Bxd5 cxd5 17. Rb1 Rfc8 18. Nb3 Rc2 19. Rd2 Rac8 20. Rxc2 Rxc2 21. d4 e5 22. e3 {Kuzhylnyi,O (2248)-Jodar Arias,M (2189) chess.com INT 2024 1-0 (50)}) ({RR} 7... Nbd7 8. Nc3 Nc5 9. Qa3 Ne6 10. e4 d4 11. Ne2 Nd7 12. Bd2 b6 13. e5 Bb7 14. Nf4 Nxf4 15. Bxf4 Nc5 16. Bd2 a5 17. Rfe1 Qd7 18. Bf4 Ne6 19. Bh3 h6 20. c5 Qd5 21. Bxe6 fxe6 22. Re4 {Gubics,P (2113)-Bartuszek,A (1844) Budapest 2013 0-1 (39)}) 8. Qxc4 Nbd7 9. Nbd2 Qa5 10. Qc2 Nb6 11. h3 Rd8 12. Nb3 Qa4 13. Bd2 Be6 14. Rfc1 Nfd7 15. Na5 Rab8 16. b3 Qa3 17. Rab1 h6 18. d4 Nf6 19. e4 Ne8 20. Qc5 Qxa2 21. Qc3 Qa3 22. Bf4 g5 23. Bxb8 Rxb8 24. Ra1 Qd6 25. Nc4 Nxc4 26. bxc4 c5 27. e5 cxd4 28. Qa5 Qd8 29. Qxa7 d3 30. Rab1 Qc7 31. Qe3 Rd8 32. Nd2 Bxe5 33. Rxb7 Bd4 34. Qf3 Qc5 35. Rb3 Bd5 36. Qxd3 Bxf2+ 37. Kh2 Nf6 38. Rf1 Bxg3+ 39. Qxg3 0-1

[Event "45th FIDE Chess Olympiad Open"]
[Site "Budapest, Hungary"]
[Date "2024.09.11"]
[Round "1.6"]
[White "Gabriel, Sixtus"]
[Black "Nielsen, Hogni Egilstoft"]
[Result "0-1"]
[WhiteElo "1800"]
[BlackElo "2379"]
[PlyCount "88"]
[EventDate "2024.??.??"]
[WhiteTeam "Saint Lucia"]
[BlackTeam "Faroe Islands"]
[BlackTeamCountry "FAI"]
[WhiteClock "0:13:40"]
[BlackClock "0:06:05"]

1. e4 {Postny,Evgeny} e5 2. Nf3 Nc6 3. d4 exd4 4. Nxd4 Nf6 5. Nxc6 bxc6 6. e5 Qe7 7. Qe2 Nd5 8. c4 Nb6 ({RR} 8... Ba6) 9. Nc3 a5 ({RR} 9... Qe6) 10. f4 ({RR} 10. Bd2 a4 ({RR} 10... Ba6) 11. O-O-O ({RR} 11. Qe4 g6 ({RR} 11... Qe6 12. Bd3 Ba6 13. b3 d5 14. exd6 cxd6 15. O-O ({RR} 15. Be3 Qxe4 16. Bxe4 d5 17. Bxb6 Bb4 18. O-O-O Bxc3 19. cxd5 cxd5 20. Bxd5) 15... Qxe4 16. Bxe4 d5) 12. Bd3 Bg7 13. O-O O-O 14. Rae1 d5 15. exd6 Qxd6 16. Qf3 Bf5 17. Bxf5 Qxd2 18. Re2 Qd4) 11... Ba6 12. Qe4 Qe6 13. f4 g6 ({RR} 13... Bxc4 14. f5) 14. g4 Bb4 ({RR} 14... Qxg4 15. e6 ({RR} 15. Be3) 15... fxe6 ({RR} 15... Qxe6 16. Qd4) 16. Qe5 Rg8 17. Qxc7 ({RR} 17. Ne4 Be7 18. Qxc7 Qf3) 17... Nxc4 18. Ne4 Be7 19. Bxc4 ({RR} 19. Bb4 e5) 19... Bxc4 20. Bb4 e5 ({RR} 20... Bd5 21. Bxe7 Kxe7 22. Qd6+ Kf7 23. Qxd7+ Kf8 24. Qd6+ Kg7 25. Qe5+) 21. Bxe7 ({RR} 21. Qxe5 Qe6) 21... Qxf4+ 22. Rd2 Be6) 15. f5 Qe7 16. Bd3 Qc5 ({RR} 16... Bxc4 17. Bxc4 Bxc3 18. Bxc3 d5 19. exd6 Qxe4 20. Rhe1 Qxe1 21. Rxe1+ Kd7 22. Bxf7) 17. e6 ({RR} 17. Be3 Qa5 18. Ne2) 17... fxe6 18. fxe6 O-O-O 19. Be3 ({RR} 19. a3 Bxa3 20. bxa3 Qxa3+ 21. Kb1 Qb3+ 22. Ka1 Bxc4) 19... Qa5 20. Bxb6 ({RR} 20. Ne2 Rhe8) 20... cxb6 21. exd7+ Kb7 ({RR} 21... Kxd7 22. c5 Bxd3 23. Rxd3+ Kc7 24. Qe7+ Kc8 25. Qe6+ Kb7) 22. Nb5 ({RR} 22. Qd4 Qg5+ 23. Kb1 Bc5 24. Qe4 Rxd7 25. Nxa4) 22... Rxd7 23. a3 Bf8 ({RR} 23... Bc5 24. Be2 Rhd8 ({RR} 24... Re7 25. Qxc6+) 25. Rxd7+ Rxd7 26. Rd1 Rxd1+ 27. Kxd1) 24. Rhf1 Re7 {Radjabov,T (2670)-Adams,M (2731) Tripoli 2004 CBM 102 [Postny,Evgeny] ½-½}) ({RR} 10. Qe4) 10... a4 ({RR} 10... Ba6 11. Qf3 g6 12. c5 Qxc5 13. Be3 Qb4 14. Bxa6 Qxb2 15. O-O Qxc3 16. Rac1 Qa3 17. Rxc6 Rxa6 18. Rxc7 Be7 19. Bxb6 Qxf3 20. Rc8+ Bd8 21. Rxd8+ Ke7 22. Rxf3 Rxd8 23. Bxd8+ {½-½ (23) Sun,Y (2102)-Chen,H (2269) Shanghai CHN 2024}) 11. Be3 Qe6 $146 ({RR} 11... Ba6 12. Bxb6 cxb6 13. O-O-O Qb4 14. Ne4 O-O-O 15. a3 Qb3 16. Kb1 Bxc4 17. Qxc4 Qxd1+ 18. Ka2 Qb3+ 19. Qxb3 axb3+ 20. Kxb3 Be7 21. g3 f6 22. exf6 gxf6 23. g4 h5 24. gxh5 Rxh5 25. Ng3 Rd5 26. Bc4 {Cuellar,D (2124)-Espinoza Palomino,W (2295) Duran 2011 0-1 (49)}) ({RR} 11... Qb4 12. a3 Qb3 13. Rc1 Ba6 14. Bxb6 Qxb6 15. Nxa4 Qb3 16. Nc3 Rb8 17. Nd1 Qa2 18. Rc3 Be7 19. f5 Bc5 20. Rg3 Qb1 21. Rxg7 Qxf5 22. h4 Rb3 23. Rg5 Qb1 24. Rh3 Rxh3 25. gxh3 Be7 26. Rg4 {Zhou,Y (2323)-Hebden,M (2546) England 2011 0-1 (59)}) ({RR} 11... Ba6 12. Bxb6 cxb6 13. O-O-O Qb4 14. Qd2 O-O-O 15. Ne4 Qxd2+ 16. Rxd2 Bb4 17. Rd4 Bc5 18. Nxc5 bxc5 19. Rd2 f6 20. exf6 gxf6 21. Bd3 Kc7 22. Re1 Rde8 23. Rxe8 Rxe8 24. Re2 Rxe2 25. Bxe2 d5 26. Kd2 {Fronda,J (2143)-Tan,Z (2517) Hangzhou CHN 2023 0-1 (49)}) 12. Kf2 Be7 13. Qd3 O-O 14. Be2 f6 15. exf6 Bxf6 16. Rhe1 Rb8 17. Rad1 d6 18. Bd4 Bxd4+ 19. Qxd4 c5 20. Qd3 Bb7 21. Nd5 Nxd5 22. Bf3 Nxf4 23. Rxe6 Nxd3+ 24. Rxd3 Bxf3 25. gxf3 Rxb2+ 26. Re2 Rxe2+ 27. Kxe2 Rf4 28. Rc3 Rd4 29. Ke3 Kf7 30. Rc2 Ke6 31. Rg2 g6 32. Rg4 Rxg4 33. fxg4 Ke5 34. h4 c6 35. h5 g5 36. h6 d5 37. a3 dxc4 38. Kd2 Kd4 39. Kc2 c3 40. Kc1 Kd3 41. Kd1 c2+ 42. Kc1 c4 43. Kb2 Kd2 44. Ka2 c3 0-1

[Event "45th FIDE Chess Olympiad Open"]
[Site "Budapest, Hungary"]
[Date "2024.09.11"]
[Round "1.7"]
[White "Egilstoft, Rogvi"]
[Black "James, Justin"]
[Result "1-0"]
[WhiteElo "2278"]
[BlackElo "1745"]
[PlyCount "77"]
[EventDate "2024.??.??"]
[WhiteTeam "Faroe Islands"]
[BlackTeam "Saint Lucia"]
[WhiteTeamCountry "FAI"]
[WhiteClock "0:58:10"]
[BlackClock "0:01:56"]

1. e4 c5 2. c3 d5 3. exd5 Qxd5 4. d4 Nc6 5. Nf3 Bg4 6. dxc5 Qxd1+ 7. Kxd1 Nf6 8. Be2 ({RR} 8. Be3 e5 9. h3 Bh5 10. g4 Bg6 11. Bb5 O-O-O+ 12. Nbd2 Nd5 13. Ke2 Nxe3 14. fxe3 Bxc5 15. Nh4 Be7 16. Nf5 Bf8 17. Nh4 Be7 18. Nxg6 hxg6 19. Raf1 Rdf8 20. Bd3 g5 21. Be4 Rh6 22. Nc4 f6 {Nisipeanu,L (2692)-Gelashvili,T (2542) Dubai 2004 1-0 (49)}) 8... a5 9. Be3 Nd5 $146 ({RR} 9... e5 10. Nbd2 Nd5 11. Ng5 Bxe2+ 12. Kxe2 Nxe3 13. fxe3 Bxc5 14. Nge4 Be7 15. g4 O-O 16. Raf1 b5 17. g5 a4 18. Rhg1 Rab8 19. Rg4 Na5 20. Nf3 Nc6 21. h4 Rfc8 22. Nf6+ Bxf6 23. gxf6 g6 24. h5 {Tiviakov,S (2665)-Morchiashvili,B (2358) Izmir 2013 1-0}) ({RR} 9... e5 10. h3 Bh5 11. g4 Bg6 12. Bb5 Nd5 13. Nbd2 f6 14. Ke2 Nxe3 15. fxe3 Bxc5 16. Bd3 Bf7 17. Bc4 Bg6 18. Nh4 O-O-O 19. Nxg6 hxg6 20. Ne4 Be7 21. a3 Kc7 22. Bf7 f5 {½-½ (22) Myrmus,M (2043)-Wieckowski,M (1970) Ustron POL 2024}) 10. Nd4 Bxe2+ 11. Kxe2 e6 12. Nxc6 bxc6 13. Nd2 Nxe3 14. fxe3 Bxc5 15. Rad1 O-O 16. Nc4 g6 17. Rd7 a4 18. Rhd1 Ba7 19. h3 Bb8 20. Rb7 h5 21. Nb6 Ra7 22. Rxa7 Bxa7 23. Nxa4 Rb8 24. Rd7 Bb6 25. Rd6 Bc7 26. Rxc6 Bg3 27. b3 Kf8 28. c4 Ke7 29. Ra6 Rb7 30. c5 Bc7 31. Kd3 f5 32. Kc4 g5 33. b4 h4 34. b5 g4 35. b6 Bg3 36. Ra7 Rd7 37. c6 Rxa7 38. bxa7 gxh3 39. gxh3 1-0

[Event "45th FIDE Chess Olympiad Open"]
[Site "Budapest, Hungary"]
[Date "2024.09.11"]
[Round "1.8"]
[White "Elizee, Kaieem"]
[Black "Apol, Luitjen Akselsson"]
[Result "0-1"]
[WhiteElo "1701"]
[BlackElo "2219"]
[PlyCount "42"]
[EventDate "2024.??.??"]
[WhiteTeam "Saint Lucia"]
[BlackTeam "Faroe Islands"]
[BlackTeamCountry "FAI"]
[WhiteClock "0:21:33"]
[BlackClock "0:25:51"]

1. d4 Nf6 2. Nf3 g6 3. Nc3 d5 4. Bf4 Bg7 5. e3 O-O 6. Be2 c5 7. dxc5 Qa5 8. Qd2 ({RR} 8. Nd2 Qxc5 9. Nb3 Qc6 10. O-O e6 11. a4 a6 12. a5 Nbd7 13. Bg3 Nc5 14. Nd4 Qd7 15. Be5 Nfe4 16. Nxe4 Nxe4 17. Bxg7 Kxg7 18. Nb3 Qc7 19. c4 dxc4 20. Qd4+ Nf6 21. Qxc4 Qxc4 22. Bxc4 Bd7 {Krishna,C (2439)-Salem,A (2690) Chess.com INT 2022 ½-½ (42)}) ({RR} 8. O-O Qxc5 9. Nb5 Nc6 10. Nc7 Rb8 11. Nb5 Ra8 12. Nc7 Rb8 13. Nb5 {½-½ (13) Rakesh,K (2335)-Hillarp Persson,T (2493) Stockholm SWE 2024}) 8... Qxc5 9. O-O-O $146 ({RR} 9. h4 Nc6 10. Ne5 Bf5 11. g4 Nxe5 12. gxf5 Nc4 13. Bxc4 dxc4 14. fxg6 hxg6 15. O-O-O Rfd8 16. Qd4 Qxd4 17. exd4 Rd7 18. f3 Nh5 19. Be3 Rc8 20. Rhg1 Rc6 21. Ne2 Bf6 22. Bg5 b5 23. b4 Rdc7 {Mertens,F (2079)-Van der Stricht,G (2404) La Fere 2002 0-1}) 9... Qb6 10. Ne5 Nc6 11. Bf3 Rd8 12. Nxc6 bxc6 13. e4 Be6 14. exd5 Nxd5 15. Bxd5 cxd5 16. h4 d4 17. Ne4 d3 18. Nc3 Rac8 19. h5 Bxc3 20. bxc3 Bxa2 21. Qe3 d2+ 0-1

[Event "45th FIDE Chess Olympiad Open"]
[Site "Budapest, Hungary"]
[Date "2024.09.11"]
[Round "1.9"]
[White "Kamara, Ansumana"]
[Black "Gascon Del Nogal, Jose Rafael"]
[Result "0-1"]
[WhiteElo "1876"]
[BlackElo "2454"]
[PlyCount "106"]
[EventDate "2024.??.??"]
[WhiteTeam "Sierra Leone"]
[BlackTeam "Venezuela"]
[WhiteTeamCountry "SIE"]
[BlackTeamCountry "VEN"]

1. e4 c5 2. Nf3 d6 3. d4 cxd4 4. Nxd4 Nf6 5. Nc3 Nc6 6. Be3 Ng4 7. Qd2 Nxe3 8. fxe3 ({RR} 8. Qxe3 e5 9. Nde2 Be6 10. O-O-O Be7 11. Ng3 O-O 12. Kb1 Qb6 13. Nf5 Qxe3 14. Nxe3 Bg5 15. Rxd6 Bxe3 16. fxe3 Rfd8 17. Rxd8+ Rxd8 18. Bd3 Nb4 19. Rd1 Bg4 20. Rd2 Kf8 21. a3 Nc6 22. Nd5 Be6 {Guliyev,N (2538)-Eden,J (2294) Europe Echecs INT 2021 ½-½ (58)}) 8... g6 ({RR} 8... Bd7 9. Bc4 Ne5 10. Bb3 g6 11. O-O Bg7 12. Nf3 O-O 13. h3 Rc8 14. Nxe5 Bxe5 15. Rf3 Qa5 16. Raf1 e6 17. Qf2 f6 18. Ne2 Rf7 19. Nd4 Bxd4 20. exd4 Rcf8 21. d5 e5 22. g4 Kg7 23. c4 {Vargosko,J (1640)-Benci,J (1624) Stara Lubovna 2022 ½-½ (34)}) 9. O-O-O Bg7 10. h3 $146 ({RR} 10. Bc4 O-O 11. h3 a6 12. g4 Ne5 13. Bd5 Rb8 14. Rdg1 b5 15. h4 e6 16. Bb3 Bb7 17. a3 Qa5 18. h5 b4 19. axb4 Qa1+ 20. Nb1 Bxe4 21. hxg6 Bxg6 22. Qh2 a5 23. Nf5 exf5 24. gxf5 Nf3 {Nigmatov,O-Capone,N (1824) Kemer 2009 0-1 (32)}) ({RR} 10. Bc4 Ne5 11. Bb3 Bd7 12. Rhf1 O-O 13. Nf3 Rc8 14. Nd5 Nc4 15. Bxc4 Rxc4 16. Nd4 b5 17. Rf2 e6 18. Nc3 Qb6 19. h4 Rfc8 20. Qd3 Be8 21. g4 b4 22. Nb1 Qa5 23. Qb3 Ba4 24. Qd3 Bxc2 {Rata,A (1666)-Lehaci,M (2188) Mamaia 2021 0-1 (31)}) 10... h5 11. Kb1 a6 12. a3 Ne5 13. Nd5 e6 14. Nc3 Qc7 15. Be2 Bd7 16. Nf3 Ke7 17. Nd4 b5 18. Na2 Rab8 19. Nb4 Rb6 20. Rhf1 Rc8 21. c3 a5 22. Na2 Qb7 23. Bd3 Kf8 24. Ka1 Kg8 25. Qe2 Ra8 26. Rb1 Bc6 27. Nxc6 Qxc6 28. Rbc1 Qb7 29. Kb1 Nc6 30. Kc2 b4 31. cxb4 axb4 32. Nxb4 Nxb4+ 33. axb4 Rxb4 34. Kd1 Rxb2 35. Bc2 Raa2 36. Qd3 Rxc2 37. Rxc2 Qb1+ 38. Kd2 Rxc2+ 39. Qxc2 Qxf1 40. Qc6 Qxg2+ 41. Kd3 Qf1+ 42. Kd2 Qf2+ 43. Kd3 Qe1 44. Qe8+ Bf8 45. Qa4 d5 46. exd5 exd5 47. Qe8 Qh4 48. Qc8 Qc4+ 49. Qxc4 dxc4+ 50. Kxc4 Kg7 51. Kd5 Kf6 52. e4 g5 53. Kd4 Ke6 0-1

[Event "45th FIDE Chess Olympiad Open"]
[Site "Budapest, Hungary"]
[Date "2024.09.11"]
[Round "1.10"]
[White "Ynojosa Aponte, Felix Jose"]
[Black "Winston Gerald, Mansfield Thomas"]
[Result "1-0"]
[WhiteElo "2398"]
[BlackElo "1950"]
[PlyCount "57"]
[EventDate "2024.??.??"]
[WhiteTeam "Venezuela"]
[BlackTeam "Sierra Leone"]
[WhiteTeamCountry "VEN"]
[BlackTeamCountry "SIE"]

1. c4 Nf6 2. Nc3 d6 3. d4 c6 4. e4 Qa5 5. f3 ({RR} 5. Bd3 e5 6. d5 Be7 7. Nge2 O-O 8. O-O Bd7 9. a3 Rc8 10. h3 Be8 11. Be3 Qd8 12. Qd2 Nbd7 13. Ng3 cxd5 14. exd5 Nc5 15. Bc2 g6 16. Bh6 Kh8 17. Nf5 Nh5 18. Nxe7 Qxe7 19. Rae1 Nd7 {Miton,K (2586)-Garcia Padron,J (2447) Las Palmas 2010 1-0 (37)}) 5... e5 6. d5 cxd5 $146 ({RR} 6... c5 7. Bd2 g6 8. Nb5 Qd8 9. Qa4 Bd7 10. Qb3 Na6 11. Ne2 Nc7 12. Nbc3 Rb8 13. a4 b6 14. g4 h5 15. g5 Nh7 16. h4 f6 17. Rg1 Rg8 18. O-O-O fxg5 19. hxg5 Be7 20. f4 exf4 21. Bxf4 {Drobinski,M (1355)-Petiko,J (1842) Bad Zwesten 2000 0-1 (35)}) ({RR} 6... Be7 7. Be3 Nbd7 8. Qa4 Qxa4 9. Nxa4 c5 10. Bd3 Bd8 11. Ne2 h6 12. g4 Nh7 13. Ng3 Bh4 14. Ke2 Bxg3 15. hxg3 f6 16. a3 Nb6 17. Nc3 Bd7 18. b4 Rc8 19. bxc5 dxc5 20. Rhb1 Ng5 21. Nb5 {Schnell,S (1891)-Hoyos Bedoya,N (1669) Panama City PAN 2023 1-0 (38)}) ({RR} 6... Be7 7. Be3 c5 8. Bd3 Na6 9. Nge2 Bd7 10. O-O Nc7 11. Bd2 Qa6 12. a4 b6 13. Qb3 Rb8 14. Ra3 Qb7 15. Qc2 O-O 16. Ng3 Na6 17. Be3 Nb4 18. Qe2 Nxd3 19. Qxd3 a6 20. Rb1 b5 21. b4 {Daamen,F-Vogelenzang,P Dieren 1982 0-1 (33)}) ({RR} 6... c5 7. Bd3 Be7 8. Qa4+ Qxa4 9. Nxa4 h6 10. a3 Bd7 11. Bc2 Nh7 12. Ne2 O-O 13. O-O b5 14. cxb5 Bxb5 15. Nac3 Bd7 16. Rb1 a5 17. Na4 Bb5 18. Rf2 Nd7 19. Nec3 Ba6 20. b4 axb4 21. axb4 {Eckardt,S (1764)-Budde,U (1818) Germany 2015 1-0 (77)}) 7. cxd5 a6 8. Be3 Nbd7 9. a3 Be7 10. Nge2 O-O 11. g4 b5 12. Qd2 Qc7 13. Ng3 Nc5 14. Rd1 Nb3 15. Qc2 Na5 16. g5 Ne8 17. h4 Nc4 18. Bc1 f6 19. Nf5 Bxf5 20. exf5 Rc8 21. Ne4 Qb7 22. Qg2 Qa7 23. Qe2 Bd8 24. h5 fxg5 25. h6 Rc7 26. b3 Na5 27. Be3 Qb7 28. Qd3 Rd7 29. Bxg5 1-0

[Event "45th FIDE Chess Olympiad Open"]
[Site "Budapest, Hungary"]
[Date "2024.09.11"]
[Round "1.13"]
[White "Ashiku, Franc"]
[Black "Bhakta Bahadur Monger"]
[Result "1-0"]
[WhiteElo "2400"]
[BlackElo "1911"]
[PlyCount "63"]
[EventDate "2024.??.??"]
[WhiteTeam "Albania"]
[BlackTeam "Bhutan"]
[WhiteTeamCountry "ALB"]
[BlackTeamCountry "BTN"]
[WhiteClock "0:07:38"]
[BlackClock "0:09:20"]

1. d4 Nf6 2. Nf3 e6 3. Bf4 d5 4. e3 Bd6 5. Nbd2 c5 6. Bg3 Nc6 7. c3 a6 8. Bd3 Ne7 $146 ({RR} 8... cxd4 9. exd4 Qc7 10. O-O Bxg3 11. hxg3 O-O 12. Qe2 Nd7 13. Rae1 Re8 14. Ne5 Ndxe5 15. dxe5 b5 16. Qh5 g6 17. Qg5 Qe7 18. Qf4 Rf8 19. Nf3 f5 20. exf6 Rxf6 21. Qh4 Bd7 22. Ne5 Raf8 23. Ng4 {Nieto Rodriguez,A (2017)-Polanco Nunez,Y (2205) Santo Domingo 2016 1-0 (42)}) ({RR} 8... Qe7 9. Ne5 Qc7 10. f4 Ne7 11. Bh4 b6 12. O-O Bb7 13. Qf3 h5 14. Rac1 b5 15. Qg3 Rg8 16. Qh3 Rh8 17. Qf3 Nf5 18. Bxf5 exf5 19. Bxf6 gxf6 20. Nd3 c4 21. Nf2 Qd7 22. Qh3 O-O-O 23. Nf3 {Grachev,B (2652)-Zubov,A (2601) Minsk 2015 0-1 (66)}) ({RR} 8... O-O 9. Ne5 Qc7 10. f4 g6 11. Qf3 Nh5 12. Bf2 Ng7 13. g4 f6 14. Nxc6 bxc6 15. dxc5 Bxc5 16. e4 Bxf2+ 17. Qxf2 e5 18. f5 gxf5 19. gxf5 Kh8 20. O-O-O Rb8 21. Rhg1 Rg8 22. Nb3 a5 23. Rg3 {Tari,A (2637)-Bambino Filho,A (2168) chess.com INT 2024 1-0 (35)}) ({RR} 8... Bxg3 9. hxg3 c4 10. Bc2 Qd6 11. e4 dxe4 12. Nxe4 Nxe4 13. Bxe4 Bd7 14. Qe2 b5 15. Ne5 Rc8 16. f4 Nxe5 17. fxe5 Qe7 {½-½ (17) Bornet,R (2007)-Turian,H (1914) St Veit 2018}) ({RR} 8... c4 9. Bc2 b5 10. O-O Bb7 11. e4 dxe4 12. Nxe4 Nxe4 13. Bxe4 f5 14. Bc2 O-O 15. Qe2 Qd7 16. Bxd6 Qxd6 17. Rfe1 Rae8 18. Rad1 Qd5 19. Qf1 Rf6 20. Nd2 Rg6 21. f3 Rf8 22. b3 Ne7 23. Re5 {Lapadatu,T-Misiejuk,Z Pula 1972 0-1 (33)}) 9. e4 Bxg3 10. hxg3 cxd4 11. Nxd4 e5 12. N4f3 Bg4 13. Qc2 Nc6 14. exd5 Qxd5 15. Ne4 O-O-O 16. Nxf6 gxf6 17. Be4 Qc5 18. Bf5+ Bxf5 19. Qxf5+ Kb8 20. O-O Qe7 21. Rfe1 h5 22. Rad1 Qe6 23. Rxd8+ Nxd8 24. Nd4 Qxf5 25. Nxf5 Kc7 26. f3 Ne6 27. Kf2 Nc5 28. Ke2 Rg8 29. Rh1 Rg5 30. Ne3 Kd6 31. f4 Rxg3 32. Nf5+ 1-0

[Event "45th FIDE Chess Olympiad Open"]
[Site "Budapest, Hungary"]
[Date "2024.09.11"]
[Round "1.14"]
[White "Mahendra Gurung"]
[Black "Pasko, Llambi"]
[Result "0-1"]
[WhiteElo "1725"]
[BlackElo "2396"]
[PlyCount "62"]
[EventDate "2024.??.??"]
[WhiteTeam "Bhutan"]
[BlackTeam "Albania"]
[WhiteTeamCountry "BTN"]
[BlackTeamCountry "ALB"]
[WhiteClock "1:14:13"]
[BlackClock "1:06:03"]

1. e4 e5 2. Nf3 Nc6 3. Bb5 a6 4. Be2 Nf6 5. d3 ({RR} 5. Nc3 d5 6. exd5 Nxd5 7. d3 Be7 8. O-O O-O 9. Re1 Re8 10. Bf1 Bb4 11. Bd2 Bg4 12. h3 Bh5 13. a3 Nxc3 14. bxc3 Bc5 15. g4 Bg6 16. Ng5 Bb6 17. Bg2 f6 18. Ne4 Rb8 19. Qf3 Rf8 {Plenkovic,Z (2418)-Kuljasevic,D (2548) Biograd 2018 0-1 (55)}) ({RR} 5. Nc3 Bc5 6. O-O O-O 7. d3 h6 8. h3 d5 9. a3 Re8 10. Rb1 a5 11. Qd2 Be6 12. Nb5 Bb6 13. b4 dxe4 14. dxe4 Nxe4 15. Qxd8 Rexd8 16. Bd3 Nd6 17. Nxd6 Rxd6 18. bxa5 Rxa5 19. Re1 f6 {Venancio,L-Santos,J (1576) Joao Pessoa 2022 0-1 (42)}) 5... d5 6. Bg5 $146 ({RR} 6. Nbd2 Be7 7. c3 O-O 8. O-O h6 9. Re1 Be6 10. Bf1 Nd7 11. b3 f5 12. exd5 Bxd5 13. d4 e4 14. c4 Bf7 15. d5 Nb4 16. Nd4 Bf6 17. Ba3 Bxd4 18. Bxb4 Re8 19. Rc1 Qh4 20. g3 Qf6 {Marsalek,J-Ghitescu,T Marianske Lazne 1962 0-1 (54)}) ({RR} 6. Nbd2 g6 7. O-O Bg7 8. c3 O-O 9. Qc2 b6 10. Re1 Bb7 11. Bf1 Re8 12. a3 Qd6 13. b4 Rad8 14. Bb2 h6 15. Rad1 Kh7 16. Nb3 Qe6 17. a4 dxe4 18. dxe4 Rxd1 19. Qxd1 Nb8 20. Nbd2 Nbd7 {Maier,M-Krallmann,M (2270) Dortmund 1992 ½-½ (64)}) ({RR} 6. exd5 Nxd5 7. Bd2 Be7 8. h3 O-O 9. O-O f5 10. Nc3 Nf6 11. Bg5 h6 12. Bxf6 Bxf6 13. Rb1 Be6 14. a3 Qe7 15. Qc1 Rad8 16. Rd1 Rd7 17. b3 e4 18. dxe4 Bxc3 19. Rxd7 Qxd7 20. exf5 Rxf5 {Harnden,T (1500)-Ten Wolde,B (1718) Guernsey 2002 ½-½ (58)}) 6... dxe4 7. Bxf6 Qxf6 8. dxe4 Qg6 9. Nbd2 Be6 10. g3 Rd8 11. c3 Be7 12. Qa4 O-O 13. O-O Bg4 14. Qc2 Qh5 15. Bd1 Rd6 16. Ne1 Rh6 17. Ndf3 f5 18. h4 g5 19. exf5 gxh4 20. Kg2 hxg3 21. fxg3 Qh3+ 22. Kf2 Bc5+ 23. Ke2 Qxg3 24. Qb3+ Kh8 25. Kd2 Qf4+ 26. Kc2 Bxf5+ 27. Nd3 Bxd3+ 28. Kxd3 Rd8+ 29. Kc2 Qe4+ 30. Kc1 Be3+ 31. Nd2 Bxd2# 0-1